<?xml version='1.0' encoding='UTF-8'?>
  <record xmlns="http://www.loc.gov/MARC21/slim">
    <leader>00000cam a22000007i 4500</leader>
    <controlfield tag="001">ocm66799266</controlfield>
    <controlfield tag="003">OCoLC</controlfield>
    <controlfield tag="005">20250622001439.3</controlfield>
    <controlfield tag="008">031214s1796    gw            000 0 ger d</controlfield>
    <datafield tag="040" ind1=" " ind2=" ">
      <subfield code="a">NLGGC</subfield>
      <subfield code="b">dut</subfield>
      <subfield code="e">fobidrtb</subfield>
      <subfield code="c">NLGGC</subfield>
      <subfield code="d">OCLCL</subfield>
      <subfield code="d">OCLCQ</subfield>
    </datafield>
    <datafield tag="029" ind1="0" ind2=" ">
      <subfield code="a">NLGGC</subfield>
      <subfield code="b">257654364</subfield>
    </datafield>
    <datafield tag="035" ind1=" " ind2=" ">
      <subfield code="a">(OCoLC)66799266</subfield>
    </datafield>
    <datafield tag="100" ind1="1" ind2=" ">
      <subfield code="a">Trautenberg, Ferdinand Anton von.</subfield>
    </datafield>
    <datafield tag="245" ind1="1" ind2="0">
      <subfield code="a">Anleitung zur sichern und gründlichen Heilung der Pferdekrankheiten für Kurschmiede und Pferdeliebhaber :</subfield>
      <subfield code="b">bestehend in einer Sammlung von einfachen, geprüften und bewährt gefundenen Recepten /</subfield>
      <subfield code="c">von Ferdinand Anton Grafen v. Trautenberg ; nebst einem ganz neuen Plane: Ueber die vortheilhafteste und bequemste Art Stutereien auf dem Lande anzulegen, als Anhang.</subfield>
    </datafield>
    <datafield tag="260" ind1=" " ind2=" ">
      <subfield code="a">Erlangen :</subfield>
      <subfield code="b">bei Johann Jakob Palm,</subfield>
      <subfield code="c">1796.</subfield>
    </datafield>
    <datafield tag="300" ind1=" " ind2=" ">
      <subfield code="a">[XVI], 256, [3] p. ;</subfield>
      <subfield code="c">22 cm.</subfield>
    </datafield>
    <datafield tag="336" ind1=" " ind2=" ">
      <subfield code="a">tekst</subfield>
      <subfield code="b">txt</subfield>
      <subfield code="2">rdacontent/dut</subfield>
    </datafield>
    <datafield tag="337" ind1=" " ind2=" ">
      <subfield code="a">zonder medium</subfield>
      <subfield code="b">n</subfield>
      <subfield code="2">rdamedia/dut</subfield>
    </datafield>
    <datafield tag="338" ind1=" " ind2=" ">
      <subfield code="a">band</subfield>
      <subfield code="b">nc</subfield>
      <subfield code="2">rdacarrier/dut</subfield>
    </datafield>
    <datafield tag="758" ind1=" " ind2=" ">
      <subfield code="a">Anleitung zur sichern und gründlichen Heilung der Pferdekrankheiten für Kurschmiede und Pferdeliebhaber (Text)</subfield>
      <subfield code="1">https://id.oclc.org/worldcat/entity/E39PCGfgF8MxTrYTG3q4jqf8qP</subfield>
      <subfield code="4">https://id.oclc.org/worldcat/ontology/hasWork</subfield>
    </datafield>
    <datafield tag="936" ind1=" " ind2=" ">
      <subfield code="a">BATCHLOAD</subfield>
    </datafield>
  </record>